Czy znasz napopularniejsze polskie Quizy na Jet Punk - Statystyki

Ogólne statystyki
  • Ten quiz został rozwiązany 241 razy
  • Średni wynik to 3 z 10
Statystyki odpowiedzi
Rozwiązane Quiz % Poprawnych
296,832 Państwa Świata
95%
18,764 Państwa Europy
49%
18,123 Stolice Świata
38%
16,250 Tablica Mendelejewa
31%
23,863 12 Miesięcy w 15 Sekund
27%
14,135 Szybkie Pisanie do 100
11%
13,824 Największe Miasta w Polsce
10%
21,510 Kraje Według Granic w 90 Sekund
8%
10,855 Polski Alfabet
8%
10,256 Czy znasz wszystkie Europejskie Stolice
6%
Nie znaleziono quizów pasujących do podanych kryteriów
Rozkład punktacji
Procent ludzi z każdym wynikiem
Percentyl według liczby udzielonych odpowiedzi
Twoja historia wyników
Nie rozwiązałeś tego quizu